[Event "Bundesliga 1819"]
[Site "Germany"]
[Date "2019.02.02"]
[Round "7.2"]
[White "Efimenko, Zahar"]
[Black "Kindermann, Stefan"]
[Result "1-0"]
[WhiteElo "2635"]
[BlackElo "2500"]
[Annotator "Meyer,CD"]
[PlyCount "115"]
[EventDate "2018.11.10"]
[EventType "team-tourn"]
[EventRounds "15"]
[EventCountry "GER"]
[SourceTitle "CBM 188 Extra"]
[Source "ChessBase"]
[SourceDate "2019.02.26"]
[SourceVersion "1"]
[SourceVersionDate "2019.02.26"]
[SourceQuality "1"]
[WhiteTeam "Werder Bremen"]
[BlackTeam "Muenchen Zugzwang"]
[WhiteTeamCountry "GER"]
[BlackTeamCountry "GER"]

{AUF FRANZÖSISCHEN ABWEGEN} 1. e4 e6 2. d4 d5 3. e5 c5 4. c3 Nc6 5. Nf3 Bd7 {
Zwar laut Statistik eines der erfolgreichsten Systeme gegen die französische
Vorstoß-Variante, aber dennoch nicht so beliebt wie 5...Qb6.} 6. Be2 {Solider
und vermutlich auch besser als das ambitionierte, riskante} (6. a3) 6... cxd4 (
{Wesentlich häufiger - besonders bei den Topspielern - ist} 6... Nge7 {
anzutreffen. Dazu ein paar Beispiele:} 7. Na3 (7. O-O Nf5 (7... cxd4) (7... Rc8
) (7... Ng6 8. g3 Be7 9. h4 $5 $13) 8. dxc5 $1 Bxc5 9. Bd3 Nh4 (9... O-O $5)
10. Nbd2 Ng6 11. Nb3 Bb6 12. Re1 Qb8 13. Qe2 Bc7 14. Bxg6 hxg6 15. Bg5 Bd8 $6 (
15... O-O $142) (15... Nxe5 $2 16. Nxe5 Bxe5 17. Qxe5 Qxe5 18. Rxe5 f6 {wegen}
19. Re3 fxg5 20. Nc5 $1 $16) 16. Bxd8 (16. Nc5 $142 $1) 16... Qxd8 17. Nbd4
Nxd4 18. Nxd4 $14 {1-0 (48) Hracek,Z (2594)-Hertneck,G (2476) Germany 2017 CBM
177 [Meyer,CD]}) 7... cxd4 8. cxd4 Nf5 (8... Ng6 9. h4 $1 Bb4+ 10. Kf1 Be7 11.
g3 O-O 12. h5 Nh8 13. Nc2 f6 14. Bf4 Nf7 15. Ne3 fxe5 16. dxe5 Ng5 17. h6 g6
18. Ng4 $2 (18. Bxg5 Bxg5 19. Ng4) 18... Ne4 (18... Nxf3 19. Bxf3 g5 $15) 19.
Nd2 $2 Nxf2 $1 20. Nxf2 g5 $17 {, dennoch 1-0 (105) in Movsesian,S (2635)
-Kindermann,S (2535), BL 2005/06, OSC Baden Baden - TV Tegernsee 2005}) 9. Nc2
Qb6 10. g4 (10. O-O Na5 11. b3 Bb5 12. Bd2 Nc6 $13 {/=, remis/69, McShane,L 
(2652) - Hawkins,J (2590), London 2016}) 10... Nfe7 11. O-O h5 12. g5 Nf5 13.
a3 Be7 14. b4 f6 $6 (14... O-O $142) 15. b5 Na5 16. Ne3 (16. Bd3 $142 $1 $14)
16... Nxe3 17. Bxe3 Bxb5 18. exf6 (18. Nh4 Bxe2 19. Qxe2 Qa6 20. Qc2 Qc6 21.
Qb1 $13) 18... gxf6 $13 {1-0 (41) Vachier Lagrave,M (2789)-Sebenik,M (2562)
chess.com INT 2018}) 7. cxd4 Nge7 8. O-O Nf5 9. Nc3 a6 $5 (9... h5 10. Be3 $1
Be7 11. Bd3 Nxe3 12. fxe3 $14 g5 13. Nb5 $1 Qb6 14. Nxg5 Bxg5 15. Nd6+ Ke7 16.
Rxf7+ Kd8 17. Qf3 {, dennoch 0-1 (28), Van Haastert,E (2300)-Blees,A (2405),
Netherlands 1996}) 10. Kh1 $5 ({I} 10. Bg5 Qb6 11. Na4 Qa7 12. Be3 b5 13. Nc3
Be7 14. Bd3 Nxe3 15. fxe3 O-O $13 {/=, 0-1 (35) Geivondian,A (2304)-Iljushin,A
(2515), Moscow 2015}) ({II} 10. Be3 Be7 11. Bd3 Nxe3 12. fxe3 O-O $13 {/=})
10... Be7 ({Zu dieser relativ seltenen Stellung ein paar andere Möglichkeiten:
I} 10... h5 11. Bg5 (11. Be3 $5 g6 12. Bd3 Nxe3 13. fxe3 Bg7 (13... Bh6 14. e4)
(13... Be7 $6 14. a3 O-O 15. e4) 14. e4) 11... Be7 12. Bxe7 (12. Be3) 12...
Qxe7 13. Qd2 Rg8 (13... g5 $6 14. Nxg5 Ncxd4 15. Rac1) 14. b4 $5 (14. Bd3 Ncxd4
15. Nxd4 Nxd4 16. Bxa6 Nf3 17. gxf3 Rxa6 $13) 14... g5 (14... Nxb4 15. Rab1 g5
(15... Rb8 16. Nd1 Nc6 17. Ne3 $1) 16. Nd1 Nc6 17. Ne3 $1 g4 18. Nxf5 exf5 19.
Ne1 b5 20. Nd3 $1 Nxd4 (20... Qg5 $2 21. Nf4) 21. Nf4 Nxe2 22. Qxe2 Be6 23. a4
$44) 15. b5 Nd8 $2 (15... axb5 $142 16. Nxb5 g4 17. Ne1 (17. Nc7+ $6 Kf8 18.
Nxa8 gxf3 19. Bxf3 Qd8 20. Bxh5 Qxa8 $15) 17... Kf8 18. Nc2 $13) 16. Ne1 axb5
$1 17. Nxb5 Bxb5 18. Bxb5+ Kf8 19. Nc2 $16 {, dennoch ½-½ (28) Romanishin,O 
(2615)-Knaak,R (2525), Altensteig 1993,CBM 037}) ({II} 10... Rc8 11. Be3 (11.
g4 Nfe7 (11... Nh4) 12. Bd3 Na5 13. Rg1 Nec6 14. Rg3 $14 {, ½-½ (51) Vatter,
H (2320)-Kindermann,S (2520), Baden-Baden 1993}) 11... Be7 12. Bd3 Nxe3 13.
fxe3 Nb4 14. Bb1 O-O 15. a3 Nc6 16. Qd3 (16. e4 $142 dxe4 17. Bxe4 $14) 16...
g6 17. e4 dxe4 18. Nxe4 Na5 19. Qe3 Kg7 20. Ba2 Bb5 21. Rf2 Bc4 22. Bxc4 Nxc4
23. Qf4 $13 {/=, ½-½ (84) Nozdrachev,V (2465)-Volkov,S (2611), Cheboksary
2016}) 11. g4 (11. Bd3 $142 $5 $146 {+/=} g6 12. Bxf5 gxf5 13. Bf4 Rg8 14. Rc1
Na5 $2 (14... Rc8) 15. Nxd5 $1 exd5 16. e6 Bxe6 17. Bc7 Qd7 18. Bxa5 $16 {
1-0 (37), Eshuis,H (2087)-Niewold,J (1903), ICCF email 2015}) 11... Nh4 12.
Nxh4 Bxh4 13. f4 ({Genauer war zweifellos} 13. Be3 {/\f4~~}) 13... Be7 ({
Hier kneift der ehemalige deutsche Nationapieler GM Stefan Kindermann (59), mit
} 13... Qb6 $142 $5 {hätte er die von seinem ukrainischen Gegner GM Zahar
Efimenko (33) bevorzugte ruhige Stellungsbehandlung durchkreuzen können:} 14.
Be3 Qxb2 15. Rc1 Be7 16. f5 Qa3 $13 {, und in dieser scharfen, unklaren Lage
wäre nach dem Bauernverlust Weiß unter Beweisdruck.}) 14. Be3 Rc8 (14... O-O
15. Bd3) 15. Rc1 Na5 (15... O-O 16. Bd3) 16. b3 $6 ({Alternativen: I} 16. f5
$142 $5 {nebst enormen, chancenreichen, aber am Brett undurchschaubaren
Verwicklungen. Hierzu ein paar Anregungen:} Bg5 (16... b5 17. a3 (17. f6 gxf6
18. exf6 Bxf6 19. Bd3 Bg5 (19... Qe7 $143 20. Qf3 Bg7 21. Rce1) 20. Nxb5 (20.
Qf3 $143 O-O 21. Ne2 (21. Qh3 h6) 21... Nc4) 20... axb5 21. Rxc8 Bxc8 22. Bxb5+
$44) 17... Bg5 $5 (17... Nc4 18. Bxc4 dxc4 (18... Rxc4 19. Qf3 $14) 19. fxe6
fxe6 20. g5 Bc6+ 21. Kg1 g6 22. Qg4 Qd7 23. Qh3 (23. Rf4 Rf8) 23... Rc7 (23...
a5 24. d5 $1 Bxd5 25. Rcd1) 24. Rf2 a5 25. d5 Bxd5 26. Rd1 Qc6 27. Nxd5 exd5
28. Bd4 $14) 18. Nxb5 axb5 19. Rxc8 Bxc8 20. Bxb5+ Kf8 (20... Bd7 $2 21. Bxd7+
Kxd7 22. fxe6+ fxe6 (22... Kxe6 23. Qd3 $18) 23. Rf7+ Be7 (23... Ke8 24. Ra7
$18 Bxe3 25. Qf1) 24. Bg5 Re8 (24... Nc6 25. Bxe7 Nxe7 26. Qa4+ Kc8 27. Rf3 $18
) 25. b4 Nc6 26. b5 Na7 27. Qa4 Qb6 28. Qb4 Nc8 29. a4 $18) 21. Bxg5 Qxg5 22.
Qa4 (22. Qe1 Nc4 23. b3 h5 $1 24. bxc4 hxg4 25. cxd5 g3 26. Kg1 Qh4 27. Qxg3
Qxd4+ 28. Qf2 (28. Rf2 Qxd5 29. Qd3 Qxd3 30. Bxd3 exf5 $11) 28... Qg4+ $1 29.
Qg2 (29. Kh1 Bb7 30. Bc6 Bxc6 31. dxc6 exf5 32. Qxf5 Qxf5 33. Rxf5 Ke7 34. Rf2
Ke6 35. Rc2 Kxe5 $11) 29... Qd4+ 30. Kh1 exf5 31. Rc1 Bb7 32. Bc6 Qe3 33. Rg1
Qxe5 34. Bxb7 (34. Qg3 Qe4+ 35. Qg2 Bxc6 36. dxc6 g6 37. Qxe4 fxe4 $11 38. c7
Ke7) 34... Rxh2+ $1 35. Qxh2 Qe4+ $11 {nebst Dauerschach} 36. Rg2 (36. Qg2 Qh4+
) 36... Qe1+ 37. Qg1 Qh4+ 38. Rh2 Qe4+) 22... Qd2 $1 23. b4 Qe3 $1 24. bxa5
Qe4+ 25. Kg1 Qxg4+ 26. Kf2 exf5 27. Qb4+ Kg8 28. Qc3 Qh4+ 29. Ke2 Be6 30. a6 g6
31. a7 Kg7 32. Bc6 Qe4+ 33. Kd2 Qg2+ 34. Ke1 Qe4+ 35. Kd1 Qb1+ 36. Ke2 Qe4+ 37.
Kf2 (37. Qe3 $4 Qc2+) 37... Qf4+ 38. Kg2 Qg4+ 39. Kh1 Qe2 40. Qf3 Qa6 41. a8=Q
Rxa8 42. Bxa8 Qxa8 $14) (16... O-O $2 17. f6 $1 gxf6 18. exf6 Bxf6 19. g5 Bg7
20. Bd3 $40 {+-}) 17. Qd2 h6 18. f6 (18. b3 $14) 18... gxf6 19. Bxg5 fxg5 20.
Bd3 $14) ({II} 16. Rc2 Nc4 17. Bc1 O-O 18. Bd3 f6 $13 {/=}) 16... Bb4 (16...
O-O $13 {/=}) 17. Nb1 Rxc1 18. Qxc1 h5 $2 ({Ein leichtfertiges Bauernopfer,
das den Königsflügel nur schwächt. Indes war jetzt ein guter Zeitpunkt für
die Rochade:} 18... O-O $142 $13 {/=, und Schwarz steht keinesfalls schlechter,
z.B.} 19. Qd1 (19. f5 f6) 19... Nc6 20. a3 Be7 21. Bd3 f6) 19. gxh5 {"Geduldig
wie eine Boa" verleibt Weiß sich diesen Bauern ein.} Bb5 20. Bxb5+ axb5 21. f5
(21. a3 $142 Bf8 22. f5 $14) 21... exf5 $2 {Der vorentscheidende Fehler. Sehr
in Betracht kam hingegen} (21... Nc6 $142 $13 {/=, /\Qh4, z.B.} 22. fxe6 fxe6
23. Qc2 Qh4 24. Qg6+ Kd7 25. Rf7+ Ne7) 22. Rxf5 $16 {Mit seinem unrochierten
König sowie einer zerrütteten Bauernstruktur steht Schwarz hoffnungslos und
kann nur versuchen, im Trüben zu fischen.} Nc6 ({Das giftige} 22... g6 $5 {
bedarf allerdings gekonnter Behandlung:} 23. Bg5 $1 ({jedoch nicht:} 23. hxg6
$2 Rxh2+ $1 24. Kxh2 Qh4+ 25. Kg1 Qg4+ 26. Kf2 Qxf5+ 27. Ke2 Qg4+ 28. Kf2 Nc6
29. gxf7+ Kf8 30. Qg1 Qf5+ $11) (23. Rf6 $6 Rxh5) 23... Qd7 24. Rf2 $1 Rxh5 25.
e6 $1 fxe6 (25... Qxe6 $2 26. Re2 $18 Rxh2+ 27. Rxh2 Qe4+ 28. Rg2) 26. Qf4 {
Weiter kann folgen:} Nc6 27. Qf6 Qh7 28. Qxe6+ Be7 29. Bxe7 Nxe7 30. Nc3 Qh6
31. Re2 $1 $16 (31. Ne2 $143 Qd2 32. Qf7+ Kd8 33. Ng3 Qe1+ 34. Kg2 Nf5 $5 $132)
31... Qf8 32. Qc8+ Kf7 33. Rf2+ Rf5 34. Qxf8+ Kxf8 35. Rxf5+ Nxf5 36. Nxb5 {
und Weiß besitzt einen gesunden Mehrbauern in einem siegverheißenden
Springerendspiel.}) 23. Rg5 $1 Bf8 (23... Qd7 24. Qf1) 24. Nc3 b4 25. Ne2 $6 ({
Wiederholt bleiben in dieser Begegnung die interessantesten Varianten leider
hinter den Kulissen. Hier hätte Weiß viel energischer mit} 25. Nb5 $142 $1 {
fortsetzen sollen, z.B.:} Qd7 26. Qg1 $5 (26. Qc2 $5) (26. Bg1 $5) 26... Qh3
27. Nc7+ Kd7 28. Nxd5 Qf3+ 29. Qg2 Qd1+ 30. Bg1 Nxd4 31. a4 $1 Rh6 (31... bxa3
$2 32. Nc3 $1 $18 Qd3 33. Qxb7+ Kd8 34. Qd5+) 32. e6+ $3 Nxe6 (32... fxe6 33.
Ne3 $1 Qf3 34. Ng4 $18) (32... Rxe6 33. Nf4 $18) 33. Nc3 $1 Qc1 (33... bxc3 34.
Rd5+ $18) 34. Qxb7+ $18) 25... Qd7 $6 ({Zäher war} 25... f6 $5 {, z.B.} 26.
Rg2 $5 (26. exf6 Qxf6 27. Ng3 Qf3+ 28. Kg1 Bd6 29. Rf5 Qg4 30. Bf4 $16) 26...
fxe5 27. dxe5 Rxh5 (27... Nxe5 $2 28. h6 $1 g6 29. Bd4 Bxh6 30. Qc2 Bg7 31. Nf4
$18) (27... d4 28. Bg5 Qd5 29. Nf4 Qe4 30. Qc2 d3 31. Qxd3 Qxd3 32. Nxd3 Rxh5
$16) 28. Qc2 Rxe5 29. Qg6+ Kd7 30. Qg4+ Kc7 31. Bf4 $16) 26. Nf4 (26. Qf1)
26... Nd8 (26... Rh6 27. Qd1 Ne7 28. Qf3 Ra6 29. Nd3 $18 Rxa2 (29... Rc6 30.
Nc5) 30. Nc5) 27. Rg2 Qf5 ({Oder} 27... Rh6 28. Qd1 Qf5 29. Qc2 Qxc2 30. Rxc2
$18 {mit technischer Gewinnstellung, z.B.} Nc6 31. Kg2 Be7 32. Kf3 Bg5 33. Kg4
Bxf4 34. Bxf4 Re6 35. Rc5 Nxd4 36. Rxd5 Nc6 37. h4) 28. Qc2 $1 ({Weiß sucht
die Vereinfachung durch Damentausch, während} 28. Qf1 $1 {mit Blickrichtung
nach b5 sich auch anbot.}) 28... Qxc2 29. Rxc2 $18 Nc6 30. Kg2 Be7 31. Nxd5 (
31. Kg3 $142 Bg5 32. Nxd5 Bxe3 33. Nxe3 Rxh5 34. Rd2) 31... Rxh5 32. Nf4 $6 ({
Der Ukrainer bleibt auf seinem weichen Kurs, während vorzugsweise} 32. Nxe7
$142 {und z.B.} Kxe7 33. Rc5 Rh8 34. Rb5 Ra8 35. Kf3 $1 {zielstrebiger wirkt:}
Rxa2 36. Rxb7+ Ke8 37. Ke4 Rxh2 38. Rc7 Rh4+ 39. Kd3 Nd8 40. d5 $18 {und
weiter z.B.} Rh5 41. Bd4 f6 (41... Rh3+ 42. Kc4) 42. Kc4 $1 fxe5 43. Bc5 Rh1
44. Re7+ Kf8 45. Kxb4 Rb1 46. Rd7+ Ke8 47. Rxg7) 32... Rf5 $6 ({Nach} 32... Rh4
$142 33. Ne2 f5 34. exf6 Bxf6 $16 {wäre der Kampf noch lange nicht
entschieden.}) 33. Ne2 Bh4 34. Ng3 Bxg3 35. hxg3 Rh5 36. Rc5 Kd8 37. Bd2 (37.
Rd5+ $142 Kc8 38. Bf4 $18 Rf5 (38... g5 39. g4 Rh4 40. Kg3 Rh1 41. Bxg5) 39.
Kf3 Rh5 40. Rc5) 37... Ke8 38. Rb5 (38. Be3 $142 Kd8 39. Rd5+ {mit Übergang
zur vorigen Variante}) 38... Nxd4 39. Rxb4 Nc6 40. Rxb7 Rxe5 41. Kf2 $16 Rd5
42. Be3 Rh5 43. Kg2 Re5 44. Kf3 f5 $6 45. Rxg7 Re4 46. Rc7 $18 Nb4 47. Rc4 Rxc4
48. bxc4 Kd7 49. a4 Nc6 50. Kf4 Ke6 51. Bd2 Ne5 52. a5 Nxc4 53. a6 Nb6 54. a7
Nd5+ 55. Kg5 Nc7 56. Ba5 Na8 57. Kg6 Ke5 58. Kf7 {- ein typischer Arbeitssieg
Efimenkos.} 1-0